[Event "Saint Louis Masters 2026"]
[Site "Saint Louis USA"]
[Date "2026.02.25"]
[Round "2.31"]
[White "Bilych, Oleksii"]
[Black "Kavutskiy, Kostya"]
[Result "1-0"]
[WhiteTitle "IM"]
[BlackTitle "IM"]
[WhiteElo "2450"]
[BlackElo "2330"]
[WhiteFideId "14156504"]
[BlackFideId "2026384"]
[EventDate "2026.02.25"]

1. e4 c5 2. Nf3 e6 3. d4 cxd4 4. Nxd4 Nf6 5. Nc3 Nc6 6. a3 d6 7. Be3 Be7 8. Qe2
e5 9. Nb3 Ng4 10. g3 Nxe3 11. Qxe3 a6 12. O-O-O O-O 13. Kb1 b5 14. f4 Rb8 15. h4
b4 16. axb4 Rxb4 17. Nd5 Rb8 18. f5 Nb4 19. Bc4 Nxd5 20. Bxd5 a5 21. Qa7 Bd7 22.
Nxa5 Rb4 23. Nc6 Bxc6 24. Bxc6 Qc8 25. Bd5 Bd8 26. Qa3 Rb6 27. Rd3 Ra6 28. Qb3
Qc5 29. Qb7 Ra4 30. Bb3 Ra7 31. Qd5 Bb6 32. Qxc5 Bxc5 33. Bd5 Rc8 34. c3 Bb6 35.
g4 Kf8 36. g5 Ke7 37. f6+ Kf8 38. Rf3 Bd8 39. Rhf1 Rcc7 40. b4 Rd7 41. Kb2 Bb6
42. h5 Bd8 43. Kb3 Bb6 44. g6 fxg6 45. hxg6 gxf6 46. Rxf6+ Kg7 47. gxh7 Kxh7 48.
R6f3 Kh8 49. Rh3+ Rh7 50. Rg3 Rh2 51. Rf8+ Kh7 52. Be6 1-0

[Event "Saint Louis Masters 2026"]
[Site "Saint Louis USA"]
[Date "2026.02.25"]
[Round "2.32"]
[White "Bilovil, Bogdan"]
[Black "Caglar, Sila"]
[Result "1-0"]
[WhiteTitle "IM"]
[BlackTitle "WIM"]
[WhiteElo "2446"]
[BlackElo "2215"]
[WhiteFideId "14168766"]
[BlackFideId "6364063"]
[EventDate "2026.02.25"]

1. Nf3 Nf6 2. c4 c5 3. b3 d6 4. Nc3 e5 5. g3 g6 6. Bg2 Bg7 7. O-O O-O 8. Ne1 Nc6
9. Nc2 Be6 10. Ne3 Rb8 11. Rb1 Qd7 12. Re1 Nh5 13. Ned5 f5 14. e3 Kh8 15. a3
Rbe8 16. b4 f4 17. Ne4 Bh3 18. Bh1 fxg3 19. fxg3 b6 20. d3 Ne7 21. Nf2 Be6 22.
Rf1 Nf6 23. Nxf6 Rxf6 24. Ne4 Rxf1+ 25. Qxf1 Rf8 26. Qe1 cxb4 27. axb4 b5 28. c5
d5 29. Ng5 Bg4 30. e4 d4 31. Bg2 h6 32. h3 hxg5 33. hxg4 Qxg4 34. Ra1 Nc6 35.
Bd2 Bf6 36. Ra6 Qc8 37. Ra2 Qe6 38. Ra3 Rf7 39. Qe2 Be7 40. Bf3 Qh3 41. Be1 Rh7
42. Qg2 Qc8 43. Qe2 Qh3 44. Ra6 Qc8 45. Ra2 Qh3 46. Qg2 Qe6 47. Qe2 Qh3 48. Qf1
Qe6 49. Rh2 Rxh2 50. Kxh2 a5 51. bxa5 Bxc5 52. Qe2 b4 53. Bg4 Qe7 54. Qa2 Kg7
55. Kg2 Kf6 56. Bd2 Kg7 57. a6 Na7 58. Qd5 Nb5 59. Be6 Kf6 60. Bg8 Na7 61. Qa8
Qf8 62. Qd5 Qe7 63. Bc1 Nb5 64. Qc6+ Kg7 65. Bb3 Nc3 66. Qc8 Qf8 67. Qc7+ Kh6
68. Qxe5 Qd8 69. Bxg5+ 1-0

[Event "Saint Louis Masters 2026"]
[Site "Saint Louis USA"]
[Date "2026.02.25"]
[Round "2.33"]
[White "Narayanan, Samrug"]
[Black "Gueci, Tea"]
[Result "0-1"]
[WhiteTitle "IM"]
[BlackTitle "WIM"]
[WhiteElo "2438"]
[BlackElo "2138"]
[WhiteFideId "30914051"]
[BlackFideId "872342"]
[EventDate "2026.02.25"]

1. e4 c5 2. Nf3 Nc6 3. d4 cxd4 4. Nxd4 Nf6 5. Nc3 e5 6. Ndb5 d6 7. Bg5 a6 8. Na3
b5 9. Nab1 Be7 10. Bxf6 Bxf6 11. a4 b4 12. Nd5 O-O 13. Nd2 Be6 14. Bc4 a5 15.
O-O Rc8 16. c3 Bg5 17. Nf3 Bh6 18. Ba6 Rb8 19. Bb5 Na7 20. Bc4 Nc6 21. Qd3 Ne7
22. Rfd1 Nxd5 23. Bxd5 Bg4 24. cxb4 Rxb4 25. b3 Qf6 26. Bc4 Rd8 27. h3 Be6 28.
Bd5 g6 29. Rab1 Rdb8 30. Qc3 Bf8 31. Bxe6 Qxe6 32. Nd2 d5 33. exd5 Qxd5 34. Nc4
Qc5 35. Qf3 Qc7 36. Re1 Bg7 37. g3 h5 38. h4 Rd8 39. Rbd1 Rd4 40. Rc1 e4 41. Qe3
f5 42. Qg5 Kh7 43. Ne3 Qd6 44. Red1 Bh6 45. Rxd4 Rxd4 46. Nxf5 Bxg5 0-1

[Event "Saint Louis Masters 2026"]
[Site "Saint Louis USA"]
[Date "2026.02.25"]
[Round "2.34"]
[White "Cervantes Landeiro, Thalia"]
[Black "Adewumi, Tanitoluwa"]
[Result "1/2-1/2"]
[WhiteTitle "FM"]
[BlackTitle "IM"]
[WhiteElo "2247"]
[BlackElo "2433"]
[WhiteFideId "3520498"]
[BlackFideId "30966396"]
[EventDate "2026.02.25"]

1. d4 d5 2. c4 dxc4 3. Nf3 Nf6 4. e3 e6 5. Bxc4 c5 6. O-O cxd4 7. exd4 Be7 8.
Nc3 O-O 9. Qe2 a6 10. Rd1 b5 11. Bb3 Bb7 12. Bg5 b4 13. Na4 Nbd7 14. Ne5 Qa5 15.
Bh4 Qb5 16. Qe1 Rad8 17. Rac1 Ba8 18. Nxd7 Rxd7 19. Nc5 Ra7 20. Ba4 Qa5 21. b3
Qb6 22. Bxf6 Bxf6 23. Rc4 Rd8 24. Qxb4 Qd6 25. Nd3 Qd5 26. Ne1 Qh5 27. Rdc1 Rb7
28. Qc5 Qg6 29. Qa5 Rbb8 30. Bc6 Bxc6 31. Rxc6 Bxd4 32. Nf3 Bb2 33. Rf1 h6 34.
Rxa6 Qe4 35. Qe1 Qd3 36. Ra4 Rbc8 37. Qe4 Qb5 38. h4 Rd5 39. Rc4 Rcd8 40. Qc2
Ba3 41. Rc8 Qd7 42. Rxd8+ Qxd8 43. Rb1 Be7 44. g3 Rd3 45. Qe2 Qd5 46. Ne5 Rd2
47. Qh5 g6 48. Qxh6 Bc5 49. Rf1 Qxe5 50. Qxd2 Qxg3+ 51. Kh1 Qxh4+ 52. Kg2 Qg4+
53. Kh2 Qh4+ 54. Kg2 Qg4+ 55. Kh2 Qh4+ 1/2-1/2

[Event "Saint Louis Masters 2026"]
[Site "Saint Louis USA"]
[Date "2026.02.25"]
[Round "2.35"]
[White "Antova, Gabriela"]
[Black "Park, Evan"]
[Result "0-1"]
[WhiteTitle "FM"]
[BlackTitle "IM"]
[WhiteElo "2168"]
[BlackElo "2419"]
[WhiteFideId "2915235"]
[BlackFideId "30931142"]
[EventDate "2026.02.25"]

1. Nf3 Nf6 2. g3 d5 3. Bg2 c5 4. c4 e6 5. O-O d4 6. e3 Nc6 7. exd4 cxd4 8. d3
Bc5 9. Bg5 h6 10. Bxf6 gxf6 11. Na3 O-O 12. Nc2 a5 13. b3 Kh7 14. a3 f5 15. Rb1
Qd6 16. Qc1 Rd8 17. Nh4 Ra6 18. Bxc6 Rxc6 19. b4 Ba7 20. Nf3 e5 21. Qe1 e4 22.
c5 Qf6 23. Nh4 exd3 24. Na1 b6 25. cxb6 Bxb6 26. bxa5 Bc7 27. Nb3 Rc2 28. Qb4
Be6 29. Nf3 Rc4 30. Qd2 Rc2 31. Qxd3 Rc3 32. Qd1 d3 33. Nfd2 Rc2 34. Qf3 Bxa5
35. Nxa5 Rxd2 36. Nb7 Rd5 37. a4 Ra2 38. a5 Qd4 39. Rfd1 d2 40. Qe2 Qe4 41. Qxe4
fxe4 42. f3 e3 43. Kf1 Re5 0-1

[Event "Saint Louis Masters 2026"]
[Site "Saint Louis USA"]
[Date "2026.02.26"]
[Round "3.1"]
[White "Caruana, Fabiano"]
[Black "Antipov, Mikhail Al."]
[Result "1/2-1/2"]
[WhiteTitle "GM"]
[BlackTitle "GM"]
[WhiteElo "2795"]
[BlackElo "2591"]
[WhiteFideId "2020009"]
[BlackFideId "4107012"]
[EventDate "2026.02.25"]

1. c4 g6 2. d4 Nf6 3. f3 e6 4. e4 d5 5. cxd5 exd5 6. Nc3 c6 7. a3 Be7 8. e5 Nh5
9. f4 Ng7 10. Nf3 Nd7 11. Bd3 Nf8 12. Be3 Bf5 13. Bxf5 Nxf5 14. Bf2 Ne6 15. g3
h5 16. Qd3 Qd7 17. O-O-O O-O-O 18. Kb1 Kb8 19. Qc2 Nh6 20. h3 Ka8 21. Qd2 Nf8
22. Ne1 Qf5+ 23. Nd3 Nd7 24. Qe2 Nb6 25. a4 Bb4 26. Na2 Be7 27. b3 Nd7 28. Kb2
Rc8 29. Nc3 a5 30. Rdg1 Nb8 31. Be3 Na6 32. g4 Qd7 33. Qf3 Nb4 34. Nxb4 Bxb4 35.
Bf2 Qe6 36. Ne2 b6 37. Rg2 Nxg4 38. f5 gxf5 39. Nf4 Nxe5 40. Qe2 Nc4+ 41. bxc4
Qxe2+ 42. Nxe2 Rhe8 43. Nc3 dxc4 44. Rg5 b5 45. Ra1 bxa4 46. Rxa4 Rg8 47. Rxf5
Rg2 48. Ra1 Re8 49. Rc1 a4 50. Rc2 a3+ 51. Kb1 Rb8 52. Ka1 Bxc3+ 53. Rxc3 Rb3
54. Rc2 c3 55. Rxf7 Rb2 56. Rxc3 Rbxf2 1/2-1/2

[Event "Saint Louis Masters 2026"]
[Site "Saint Louis USA"]
[Date "2026.02.26"]
[Round "3.2"]
[White "Bharath, Subramaniyam H"]
[Black "Hardaway, Brewington"]
[Result "0-1"]
[WhiteTitle "GM"]
[BlackTitle "GM"]
[WhiteElo "2595"]
[BlackElo "2544"]
[WhiteFideId "46634827"]
[BlackFideId "30941849"]
[EventDate "2026.02.25"]

1. e4 e5 2. Nf3 Nc6 3. Bc4 Nf6 4. d3 Be7 5. O-O O-O 6. Nc3 d6 7. a4 a5 8. Re1
Be6 9. Nd5 Bxd5 10. exd5 Nb4 11. d4 e4 12. Ng5 c6 13. dxc6 bxc6 14. f3 d5 15.
Bb3 h6 16. Nh3 Bd6 17. fxe4 Nxe4 18. c3 Na6 19. Rf1 Rb8 20. Bc2 f5 21. Rb1 Nc7
22. Qh5 Rf6 23. Nf2 Ne6 24. Nd3 Qc7 25. Nf2 Rbf8 26. Nxe4 fxe4 27. Rxf6 Rxf6 28.
Be3 Bf4 29. Re1 c5 30. Bb3 Bxe3+ 31. Rxe3 Qf4 32. Qe2 cxd4 33. cxd4 Nxd4 34. Qe1
Nxb3 35. Rxb3 d4 36. g3 Qf5 37. Rb5 Qf3 38. Rb8+ Kh7 39. Rd8 Qd3 0-1

[Event "Saint Louis Masters 2026"]
[Site "Saint Louis USA"]
[Date "2026.02.26"]
[Round "3.3"]
[White "Kantor, Gergely"]
[Black "Aryan, Chopra"]
[Result "1/2-1/2"]
[WhiteTitle "GM"]
[BlackTitle "GM"]
[WhiteElo "2515"]
[BlackElo "2631"]
[WhiteFideId "751499"]
[BlackFideId "5084423"]
[EventDate "2026.02.25"]

1. e4 c6 2. d4 d5 3. e5 Bf5 4. Nd2 e6 5. Nb3 Nd7 6. Nf3 Qc7 7. Be2 c5 8. O-O c4
9. Nbd2 h6 10. c3 Ne7 11. a4 Nc6 12. b3 cxb3 13. Nxb3 Be7 14. Ne1 O-O 15. Bd3
Bxd3 16. Nxd3 f6 17. Qg4 fxe5 18. Qxe6+ Rf7 19. Qxd5 Nf6 20. Qe6 Bd6 21. Qh3 Ne4
22. Ndc5 Bxc5 23. dxc5 Qd7 24. Qxd7 1/2-1/2

[Event "Saint Louis Masters 2026"]
[Site "Saint Louis USA"]
[Date "2026.02.26"]
[Round "3.4"]
[White "Alexakis, Dimitris"]
[Black "Durarbayli, Vasif"]
[Result "0-1"]
[WhiteTitle "GM"]
[BlackTitle "GM"]
[WhiteElo "2538"]
[BlackElo "2612"]
[WhiteFideId "4277023"]
[BlackFideId "13402935"]
[EventDate "2026.02.25"]

1. e4 e5 2. Nf3 Nc6 3. Bb5 a6 4. Ba4 Nf6 5. O-O Be7 6. Bxc6 dxc6 7. Re1 Nd7 8.
d4 exd4 9. Qxd4 O-O 10. Bf4 Nc5 11. Qe3 Ne6 12. Bg3 a5 13. Nc3 Bc5 14. Qe2 a4
15. Rad1 Qe8 16. a3 b5 17. e5 b4 18. Ne4 Ba6 19. Qd2 Rd8 20. Qc1 bxa3 21. Rxd8
Qxd8 22. bxa3 Qd5 23. h4 Be7 24. h5 h6 25. Qe3 Rd8 26. Kh1 c5 27. Nc3 Qc4 28.
Nd2 Qg4 29. Qf3 Qxf3 30. Nxf3 Bb7 31. Bh4 Bxh4 32. Nxh4 Rd4 33. Nf5 Rc4 34. Re3
Rf4 35. Nd5 Rxf2 36. c4 Kf8 37. Ng3 Rd2 38. Ne4 Rd4 39. Ndc3 Rxc4 40. Nd2 Rh4+
41. Kg1 Bc6 0-1

[Event "Saint Louis Masters 2026"]
[Site "Saint Louis USA"]
[Date "2026.02.26"]
[Round "3.5"]
[White "Woodward, Andy"]
[Black "Gazik, Viktor"]
[Result "1-0"]
[WhiteTitle "GM"]
[BlackTitle "GM"]
[WhiteElo "2608"]
[BlackElo "2537"]
[WhiteFideId "30953499"]
[BlackFideId "14928752"]
[EventDate "2026.02.25"]

1. d4 Nf6 2. c4 e6 3. Nf3 d5 4. g3 dxc4 5. Bg2 a6 6. O-O Nc6 7. Nbd2 Nxd4 8. Ne5
Be7 9. Ndxc4 O-O 10. a4 Rb8 11. Bf4 Ne8 12. e3 Nf5 13. Qb3 g5 14. Rfd1 Nfd6 15.
Nc6 bxc6 16. Qxb8 gxf4 17. exf4 c5 18. Ne5 Nf6 19. Qa7 Nd5 20. Nc6 Qd7 21. Qxc5
Bb7 22. Ne5 Qc8 23. Qc2 Nb4 24. Qe2 Bxg2 25. Kxg2 Qb7+ 26. Kg1 Qe4 27. Qf1 Nc2
28. Rac1 Nd4 29. f3 Qe3+ 30. Kh1 c5 31. b4 c4 32. Ng4 Qxf3+ 33. Qxf3 Nxf3 34.
Kg2 Rb8 35. Kxf3 Rxb4 36. Ne3 Rxa4 37. Ra1 Rb4 38. Rxa6 Nb5 39. Rd7 Bc5 40. Ng4
Nd4+ 41. Kg2 Nf5 42. Rc6 Rb2+ 43. Kh3 Bg1 44. Rc8+ Kg7 45. Rcc7 Bd4 46. Rxf7+
Kg6 47. Ne5+ Bxe5 48. fxe5 Re2 49. g4 Re3+ 50. Kg2 Nh4+ 51. Kf2 Rxe5 52. Rg7+
Kh6 53. Rxh7+ Kg5 54. Rh5+ 1-0

[Event "Saint Louis Masters 2026"]
[Site "Saint Louis USA"]
[Date "2026.02.26"]
[Round "3.6"]
[White "Kevlishvili, Robby"]
[Black "Lodici, Lorenzo"]
[Result "0-1"]
[WhiteTitle "GM"]
[BlackTitle "GM"]
[WhiteElo "2527"]
[BlackElo "2590"]
[WhiteFideId "1040634"]
[BlackFideId "884189"]
[EventDate "2026.02.25"]

1. e4 c5 2. Nf3 e6 3. d4 cxd4 4. Nxd4 Nf6 5. Nc3 Bb4 6. e5 Nd5 7. Bd2 Nxc3 8.
bxc3 Bf8 9. Bd3 Na6 10. Nb3 Qc7 11. Qe2 Nc5 12. Nxc5 Bxc5 13. O-O b6 14. Kh1 Bb7
15. a4 O-O 16. Bg5 Rfe8 17. Rae1 Be7 18. Bxe7 Rxe7 19. Qg4 d6 20. f4 Rf8 21. Qh3
h6 22. f5 exf5 23. Qxf5 g6 24. Qf2 Qc5 25. Qf4 dxe5 26. Qxh6 e4 27. Be2 Qxc3 28.
Rd1 e3 29. Rf4 Be4 30. Rh4 Qg7 31. Qf4 g5 32. Qxe4 Rxe4 33. Rxe4 Qf6 34. Rxe3
Qf4 35. Ra3 Re8 36. Bd3 Kg7 37. Rf1 Qd6 38. Rc3 Rh8 39. h3 Rh4 40. Rc4 Rxc4 41.
Bxc4 f6 42. Bb3 Kg6 43. Rf3 f5 44. Re3 Kh5 45. Rd3 Qe5 46. Kg1 Kh4 47. Kf2 g4
48. hxg4 fxg4 49. Re3 Qh2 50. Re4 Qg3+ 51. Kf1 Qd6 52. Ke2 Qc6 53. Kd3 Qd6+ 54.
Ke2 Kg5 55. Be6 g3 56. Bb3 Qf6 57. Kd2 Qf2+ 58. Re2 Qd4+ 59. Kc1 Kf4 60. Be6
Qa1+ 61. Kd2 Qxa4 62. Kd3 Qa3+ 63. Kd2 a5 64. Bc4 b5 65. Bd3 Qb4+ 66. c3 Qb2+
67. Bc2 b4 68. Re4+ Kg5 69. cxb4 a4 70. Re3 a3 71. Rxg3+ Kh4 72. Rh3+ Kg4 0-1

[Event "Saint Louis Masters 2026"]
[Site "Saint Louis USA"]
[Date "2026.02.26"]
[Round "3.7"]
[White "Hong, Andrew"]
[Black "Repka, Christopher"]
[Result "1-0"]
[WhiteTitle "GM"]
[BlackTitle "GM"]
[WhiteElo "2587"]
[BlackElo "2495"]
[WhiteFideId "2099438"]
[BlackFideId "14918781"]
[EventDate "2026.02.25"]

1. e4 e5 2. Nf3 Nc6 3. Bb5 a6 4. Ba4 Nf6 5. O-O d6 6. Re1 Bd7 7. c3 g6 8. d4 Bg7
9. h3 O-O 10. Bc2 a5 11. a4 exd4 12. cxd4 Nb4 13. Bb3 d5 14. e5 Ne4 15. Nc3 Bf5
16. g4 Be6 17. Nxe4 dxe4 18. Bg5 Qd7 19. Rxe4 h6 20. Bd2 Qc6 21. Bxb4 Qxe4 22.
Bxf8 Rxf8 23. Bxe6 fxe6 24. Ra3 h5 25. Re3 Qd5 26. gxh5 Bh6 27. Rc3 gxh5 28. Qd3
Rf7 29. Kf1 Kg7 30. Ke2 c6 31. Rc5 Qa2 32. Qc2 Qa1 33. Ne1 Bg5 34. Rc3 Bh4 35.
Rf3 Rxf3 36. Nxf3 Be7 37. Ne1 Qa2 38. Nd3 Bg5 39. Nc5 b5 40. Qb3 Qb1 41. Nxe6+
Kh6 42. Nxg5 Kxg5 43. Qe3+ 1-0

[Event "Saint Louis Masters 2026"]
[Site "Saint Louis USA"]
[Date "2026.02.26"]
[Round "3.8"]
[White "Yu, Jennifer"]
[Black "Warmerdam, Max"]
[Result "1-0"]
[WhiteTitle "FM"]
[BlackTitle "GM"]
[WhiteElo "2309"]
[BlackElo "2580"]
[WhiteFideId "2078341"]
[BlackFideId "1048104"]
[EventDate "2026.02.25"]

1. c4 e6 2. Nf3 d5 3. e3 Nf6 4. b3 Bd6 5. Bb2 O-O 6. d4 b6 7. Bd3 Bb7 8. O-O
Nbd7 9. Nbd2 Ne4 10. cxd5 exd5 11. Ne5 Ndf6 12. Rc1 Qe7 13. f3 Nxd2 14. Qxd2 c5
15. Bb1 Rac8 16. Qd3 g6 17. g4 Ne8 18. f4 Qh4 19. Qe2 Nf6 20. Qg2 cxd4 21. g5
Rxc1 22. Rxc1 dxe3 23. gxf6 Qxf4 24. Rf1 Qh6 25. Bd4 Re8 26. Ng4 Qh4 27. Bd3 h5
28. Nh6+ Kf8 29. Nf5 Bxh2+ 30. Kh1 Qxd4 31. Nxd4 Be5 32. Qg5 1-0

[Event "Saint Louis Masters 2026"]
[Site "Saint Louis USA"]
[Date "2026.02.26"]
[Round "3.9"]
[White "Sonis, Francesco"]
[Black "Atwell, Rose"]
[Result "1-0"]
[WhiteTitle "GM"]
[BlackTitle "FM"]
[WhiteElo "2561"]
[BlackElo "2337"]
[WhiteFideId "895733"]
[BlackFideId "30951011"]
[EventDate "2026.02.25"]

1. d4 d5 2. c4 e6 3. Nc3 Be7 4. Bf4 Nf6 5. e3 O-O 6. Rc1 b6 7. a3 dxc4 8. Bxc4
Bb7 9. Nf3 Nbd7 10. h3 c5 11. O-O cxd4 12. exd4 Rc8 13. Ba2 Ne4 14. Qd3 Nxc3 15.
Rxc3 Rxc3 16. bxc3 Bxf3 17. Qxf3 Bxa3 18. Qb7 a5 19. Qc6 Qc8 20. Qb5 Qb7 21. c4
Rc8 22. c5 Qc6 23. Bc4 Qb7 24. Qa6 Qa8 25. Qb5 Qa7 26. Ra1 e5 27. c6 Nf6 28.
dxe5 Nh5 29. Be3 Bc5 30. Bxc5 bxc5 31. Qb7 Rc7 32. Qxa7 Rxa7 33. Rb1 g6 34. Rb7
Ra8 35. c7 Kg7 36. Rb8 1-0

[Event "Saint Louis Masters 2026"]
[Site "Saint Louis USA"]
[Date "2026.02.26"]
[Round "3.10"]
[White "Akobian, Varuzhan"]
[Black "Budisavljevic, Luka"]
[Result "1/2-1/2"]
[WhiteTitle "GM"]
[BlackTitle "GM"]
[WhiteElo "2549"]
[BlackElo "2501"]
[WhiteFideId "13300580"]
[BlackFideId "960047"]
[EventDate "2026.02.25"]

1. d4 Nf6 2. c4 e6 3. Nf3 d5 4. cxd5 exd5 5. Nc3 c6 6. Qc2 g6 7. Bg5 Be7 8. e3
Bf5 9. Bd3 Bxd3 10. Qxd3 Nbd7 11. O-O O-O 12. Rab1 a5 13. Qc2 Re8 14. a3 Ne4 15.
Nxe4 dxe4 16. Bxe7 Qxe7 17. Nd2 c5 18. Rfe1 Ra6 19. Qb3 Nf6 20. dxc5 Rc8 21.
Rbc1 Rac6 22. h3 Rxc5 23. Rxc5 Rxc5 24. Nb1 Qd7 25. Qb6 Qc6 26. Qd8+ Kg7 27. Nc3
Qc7 28. Rd1 Qxd8 29. Rxd8 Rc6 30. Rd4 Rb6 31. b4 axb4 32. axb4 Re6 33. Kf1 g5
34. Ke2 Kg6 35. Kd2 Kf5 36. Kc2 Ke5 37. Rc4 Rc6 38. Kb3 h5 39. Rxc6 bxc6 40. Kc4
Nd7 41. Ne2 h4 42. Nd4 Kd6 43. Nf5+ Ke6 44. Nd4+ Kd6 45. Nf5+ Ke6 46. Nd4+ 1/2-1/2

[Event "Saint Louis Masters 2026"]
[Site "Saint Louis USA"]
[Date "2026.02.26"]
[Round "3.11"]
[White "Kacharava, Nikolozi"]
[Black "Stremavicius, Titas"]
[Result "0-1"]
[WhiteTitle "GM"]
[BlackTitle "GM"]
[WhiteElo "2501"]
[BlackElo "2547"]
[WhiteFideId "13611860"]
[BlackFideId "12804444"]
[EventDate "2026.02.25"]

1. e4 e6 2. d4 d5 3. Nc3 Bb4 4. exd5 exd5 5. Bd3 Nc6 6. a3 Bxc3+ 7. bxc3 Nf6 8.
Bg5 h6 9. Bh4 Qe7+ 10. Ne2 g5 11. Bg3 Nh5 12. O-O Be6 13. Qb1 O-O-O 14. Qb5 Nxg3
15. Nxg3 Rd6 16. Rab1 Nd8 17. c4 Rb6 18. Qa4 Ra6 19. Qb3 Rxa3 20. Qb2 dxc4 21.
d5 c3 22. Qb5 Bd7 23. Bf5 Bxf5 24. Nxf5 Qd7 25. Qc5 Ra6 26. Qxc3 Re8 27. Qd3 Re5
28. Ne3 f5 29. f4 gxf4 30. Rxf4 Qe7 31. Nxf5 Qc5+ 32. Kh1 Ra3 33. Qd2 Ra2 34.
Rf2 Kb8 35. h4 Rxd5 36. Qf4 a5 37. Ne3 Rd6 38. g4 Re6 39. Rb3 Ra3 40. Qf5 Qe7
41. Ng2 a4 42. Rxa3 Qxa3 43. Nf4 Rd6 44. Kg2 Qc3 45. Rf3 Qd2+ 46. Kh3 Nc6 47. g5
hxg5 48. hxg5 Nd4 49. Qf8+ Ka7 50. Rg3 Qxc2 51. g6 Qe4 52. Qf7 Nf5 53. Qxc7 Qxf4
54. Qa5+ Kb8 0-1

[Event "Saint Louis Masters 2026"]
[Site "Saint Louis USA"]
[Date "2026.02.26"]
[Round "3.12"]
[White "Mikaelyan, Arman"]
[Black "Oparin, Grigoriy"]
[Result "1/2-1/2"]
[WhiteTitle "GM"]
[BlackTitle "GM"]
[WhiteElo "2494"]
[BlackElo "2658"]
[WhiteFideId "13304852"]
[BlackFideId "24125890"]
[EventDate "2026.02.25"]

1. d4 Nf6 2. c4 e6 3. Nf3 b6 4. g3 Ba6 5. Nbd2 Bb7 6. Bg2 Be7 7. O-O O-O 8. b3
c5 9. dxc5 bxc5 10. Bb2 Qc7 11. Qc2 Rd8 12. e4 d6 13. Nh4 Nfd7 14. f4 Bxh4 15.
gxh4 Nc6 16. Nf3 e5 17. h5 h6 18. Nh4 Nd4 19. Bxd4 cxd4 20. Nf5 Nc5 21. Qe2 Kh7
22. Qg4 Ne6 23. Rad1 Rg8 24. fxe5 dxe5 25. Rd3 Nf4 26. Rg3 g6 27. hxg6+ Rxg6 28.
Qf3 Rag8 29. Kh1 Rg5 30. Nxd4 f5 31. Nb5 Qe7 32. Nc3 Nxg2 33. Qxg2 Rxg3 34. hxg3
f4 35. Rf3 fxg3 36. Kg1 Qg5 37. Rf7+ Rg7 38. Qf3 Qc1+ 39. Nd1 Rxf7 40. Qxf7+ Kh8
41. Qf8+ Kh7 42. Qf7+ Kh8 43. Qf8+ Kh7 44. Qf7+ 1/2-1/2

[Event "Saint Louis Masters 2026"]
[Site "Saint Louis USA"]
[Date "2026.02.26"]
[Round "3.13"]
[White "Pranav, V"]
[Black "Bilych, Oleksii"]
[Result "1/2-1/2"]
[WhiteTitle "GM"]
[BlackTitle "IM"]
[WhiteElo "2641"]
[BlackElo "2450"]
[WhiteFideId "25060783"]
[BlackFideId "14156504"]
[EventDate "2026.02.25"]

1. e4 e5 2. Nf3 Nc6 3. Bc4 Bc5 4. d3 Nf6 5. a4 d6 6. a5 a6 7. c3 Ba7 8. O-O O-O
9. Be3 Bxe3 10. fxe3 Be6 11. Bxe6 fxe6 12. Nbd2 d5 13. Qe2 Qd6 14. b4 Rad8 15.
Rfd1 Qe7 16. Rab1 Rd7 17. b5 axb5 18. Rxb5 Ra8 19. Ra1 b6 20. a6 Na7 21. Rb4 Nc6
22. Rb5 Na7 23. Rb4 Nc6 24. Rb2 Qd6 25. Ne1 h6 26. h3 Kh7 27. d4 Kh8 28. Qd3
Nxe4 29. Nxe4 dxe4 30. Qxe4 Qd5 31. Qxd5 Rxd5 32. Nd3 Kg8 33. Rf2 Rd6 34. Rc2
Kf7 35. Kf1 Ke7 36. Ke2 Rdd8 37. Ra4 Rd5 38. Rc1 e4 39. Nf2 Ra5 40. Rxa5 Nxa5
41. Nxe4 Rxa6 42. Ra1 Ra8 43. Nd2 Rd8 44. Nf3 Nc4 45. Ra6 Rd5 46. Ra4 Na5 47.
Ne5 Rb5 48. Ra2 Rb1 49. Kd3 Rd1+ 50. Ke4 Rf1 51. c4 Kd6 52. c5+ Ke7 53. cxb6
cxb6 54. Rb2 Nb7 55. Rxb6 Nd6+ 56. Kd3 Ra1 57. g4 h5 58. gxh5 Ra3+ 59. Ke2 Nf5
60. Rb7+ Kf6 61. h4 Nxh4 62. Ng4+ Kg5 63. Rxg7+ Kxh5 64. Nf6+ Kh6 65. Rg8 Nf5
66. Ng4+ Kh5 67. Kf2 Kh4 68. Ke2 Ne7 69. Rg7 Nf5 70. Rg6 Kh5 71. Rg8 Kh4 72. Kf2
Ne7 73. Rg7 Nf5 74. Rg6 Kh5 75. Rg8 Kh4 76. Kf3 Nxd4+ 77. Ke4 Nf5 78. Kf4 Kh5
79. Ne5 Kh6 80. e4 Ne7 81. Ng4+ Kh7 82. Re8 Ra7 83. Ke5 Kg7 84. Kxe6 Ng6 85. Ne3
Ra6+ 86. Kf5 Kf7 87. Rb8 Ra5+ 88. Kg4 Ne5+ 89. Kf4 Ng6+ 90. Kg4 Ne5+ 1/2-1/2

[Event "Saint Louis Masters 2026"]
[Site "Saint Louis USA"]
[Date "2026.02.26"]
[Round "3.14"]
[White "Mishra, Abhimanyu"]
[Black "Bilovil, Bogdan"]
[Result "1/2-1/2"]
[WhiteTitle "GM"]
[BlackTitle "IM"]
[WhiteElo "2629"]
[BlackElo "2446"]
[WhiteFideId "30920019"]
[BlackFideId "14168766"]
[EventDate "2026.02.25"]

1. e4 e6 2. d4 d5 3. Nc3 Nf6 4. e5 Nfd7 5. f4 c5 6. Nf3 Nc6 7. Be3 a6 8. Ne2 Qb6
9. Qc1 Be7 10. c3 O-O 11. h4 f6 12. h5 h6 13. Rh3 Qa5 14. Bd2 Qc7 15. Nh4 Rf7
16. Ng6 Nf8 17. g4 Bd7 18. Nxe7+ Nxe7 19. exf6 Rxf6 20. Be3 b6 21. Qd2 Rf7 22.
Rg3 Bb5 23. Bh3 Nc8 24. O-O-O Nd6 25. Qc2 Ne4 26. Rgg1 a5 27. Kb1 a4 28. Ng3 a3
29. Nxe4 dxe4 30. c4 cxd4 31. Rxd4 Bc6 32. g5 hxg5 33. Rxg5 axb2 34. h6 Ra5 35.
hxg7 Rxg7 36. Rxg7+ Qxg7 37. Rd2 Kf7 38. Rg2 Qh8 39. Bg4 Ra3 40. Rh2 Qg7 41.
Bh5+ Ke7 42. Qd2 Qc3 43. Qxc3 Rxc3 44. Bxb6 Nd7 45. Ba5 1/2-1/2

[Event "Saint Louis Masters 2026"]
[Site "Saint Louis USA"]
[Date "2026.02.26"]
[Round "3.15"]
[White "Boyer, Mahel"]
[Black "Dudin, Gleb"]
[Result "1/2-1/2"]
[WhiteTitle "GM"]
[BlackTitle "GM"]
[WhiteElo "2486"]
[BlackElo "2596"]
[WhiteFideId "45102422"]
[BlackFideId "34184934"]
[EventDate "2026.02.25"]

1. d4 Nf6 2. c4 e6 3. Nf3 d5 4. Nc3 c6 5. e3 Nbd7 6. Be2 Bd6 7. O-O O-O 8. Qc2
dxc4 9. a4 e5 10. Bxc4 Qe7 11. h3 a5 12. Rd1 Bb4 13. Ba2 e4 14. Nd2 Re8 15. Bb1
Bxc3 16. bxc3 Qe6 17. Ba3 b5 18. Ba2 Qf5 19. f3 Nb6 20. fxe4 Qg5 21. Kh1 Nxa4
22. Nf3 Qh5 23. Ne5 Be6 24. Rf1 Nxe4 25. Qxe4 Nxc3 26. Qc2 Nxa2 27. Rxa2 b4 28.
Raa1 bxa3 29. Rxa3 f6 30. Nxc6 Bd5 31. Kh2 a4 32. Rf4 Qf7 33. Nb4 Bb3 34. Qd2
Qe7 35. d5 Qxe3 36. Qxe3 Rxe3 37. Rd4 Re7 38. d6 Rd7 39. Nd3 Rc8 40. Nb2 Rc6 41.
Nxa4 Bc2 42. Ra2 Kf7 43. Nb6 Rxb6 44. Rxc2 Rbxd6 45. Rxd6 Rxd6 46. Rc7+ 1/2-1/2